Marvel Rivals Ult Lines - Statistics

General Stats
  • This quiz has been taken 61 times
  • The average score is 39 of 45
Answer Stats
Lines Heroes % Correct
“Assemble” Captain America
98%
“Tremble Before Bast” Black Panther
96%
”Plasma Burst” Black Widow
96%
”I’m Hulking Out” Bruce Banner
96%
”By The Eye Of Agamotto” Doctor Strange
96%
“Born Again” Adam Warlock
93%
“A Thousand Cuts” Blade
93%
“Maximum Pulse” Iron Man
93%
“I’m Ready to Put on a Show” Luna Snow
93%
“Don’t Mess With the Amazing ______-___“ Spider-Man
93%
”SQUIRREL STAMPEDE!” Squirrel Girl
93%
“IT’S CLOBBERIN’ TIME!” The Thing
93%
“Behold the God of Thunder” Thor
93%
”Us Against The World” Cloak & Dagger
91%
”Hel Unleashed” Hela
91%
“The Moon Haunts You” Moon Knight
91%
“Pure Chaos” Scarlet Witch
91%
“LEGENDARY!” Starlord
91%
“Judge… Jury… EXECUTIONER!” The Punisher
91%
”Heaven Falls” Angela
89%
“Kneel Peasants” Emma Frost
89%
“Your Powers Are Mine” Loki
89%
“Cho no mai o kurae” Psylocke
89%
“This is Real Firepower” Rocket Raccoon
89%
”I Am ____” Groot
87%
“WOO! I Never Miss!” Hawkeye
87%
”Supernova” Human Torch
87%
“Invisible Boundary” Invisible Woman
87%
“Qiguanchanhong” Iron Fist
87%
“Behold Darkchylde“ Magik
87%
“Fear _______” Magneto
87%
“It’s Spider Time” Peni Parker
87%
“Feel the Wrath of the Goddess” Storm
87%
“Extermination” Ultron
87%
“Armed and Dangerous” Winter Soldier
87%
“Nom Nom Nom” Jeff The Land Shark
84%
“Whale Sounds” Namor
84%
“We Are _____” Venom
84%
”We Are Undefeatable” Mantis
82%
Bonus Round 2. “Let Out the DEVIL” Daredevil
80%
“Animal Roars” Wolverine
80%
“You Are Nothing” Jean Grey/Phoenix
78%
“Fan-tastic” Mister Fantastic
64%
Bonus Round. “Monster Screaming” Monster Hulk
56%
“_______ SMASH!” Hero Hulk
38%
No matching quizzes found
Score Distribution
Percent of People with Each Score
Percentile by Number Answered
Your Score History
You have not taken this quiz